| 000 | 00513nam a22001697a 4500 | ||
|---|---|---|---|
| 005 | 20120224115839.0 | ||
| 020 |
_a9780143031055 _c699.00 |
||
| 037 | _bVirtuous/Ven | ||
| 082 | _a909 | ||
| 100 |
_aNehru, Jawahar Lal _947758 |
||
| 245 |
_aGlimpses of world history / _cby Jawahar Lal Nehru |
||
| 260 |
_aNew Delhi _bPenguin Books _c2004 |
||
| 270 |
_a11, Community Centre, panchsheel Park, _bNew Delhi _e110017 |
||
| 300 |
_axxxvii1155p _c23cm(pbk) _bincludes Index |
||
| 700 | _942986 | ||
| 942 |
_2ddc _cEN _m.NEH _k909 |
||
| 999 |
_c67056 _d67056 |
||